Mehrsprachigkeit als ein Phänomen des 21. Jahrhunderts
Enregistré dans:
| Autres auteurs: | , |
|---|---|
| Format: | Livre |
| Langue: | allemand |
| Publié: |
České Budějovice
Vysoká škola evropských a regionálních studií
2024
|
| Édition: | 1. Auflage |
| Sujets: | |
| Tags: |
Pas de tags, Soyez le premier à ajouter un tag!
|
MARC
| LEADER | 00000nam a2200000 4500 | ||
|---|---|---|---|
| 001 | 0305756 | ||
| 005 | 20241223085801.2 | ||
| 020 | |a 978-80-7556-152-7 | ||
| 041 | 0 | |a ger | |
| 044 | |a CZ | ||
| 245 | 1 | 0 | |a Mehrsprachigkeit als ein Phänomen des 21. Jahrhunderts |c Herausgeberin: Terézia Ondrušová ; Rezensentin: Jana Rakšányiová |
| 250 | |a 1. Auflage | ||
| 264 | 1 | |a České Budějovice |b Vysoká škola evropských a regionálních studií |c 2024 | |
| 300 | |a [90 s.] [5,41 AH] | ||
| 610 | 2 | 0 | |a jazykoveda |
| 610 | 2 | 0 | |a jazyky cudzie |
| 610 | 2 | 0 | |a jazyk odborný |
| 610 | 2 | 0 | |a komunikácia interkultúrna |
| 610 | 2 | 0 | |a vzdelávanie |
| 610 | 2 | 0 | |a preklady |
| 610 | 2 | 0 | |a fonetika |
| 610 | 2 | 0 | |a modely |
| 700 | 1 | |a Ondrušová, Terézia, 1978- | |
| 700 | 1 | |a Rakšányiová, Jana | |